Country Flags That Contain the Color Orange - Statistics

General Stats
  • This quiz has been taken 30 times
  • The average score is 4 of 10
Answer Stats
Countries % Correct
Ireland
92%
India
85%
Ivory Coast
62%
Niger
58%
Bhutan
35%
Sri Lanka
35%
Armenia
31%
Marshall Islands
19%
Zambia
19%
Guatemala
8%
No matching quizzes found
Score Distribution
Percent of People with Each Score
Percentile by Number Answered
Your Score History
You have not taken this quiz